Statistics for Top 10 American PL scorers

Click here to take the quiz!

General Stats

  • This quiz has been taken 13 times
  • The average score is 2 of 10

Answer Stats

HintAnswer% Correct
57Dempsey
100%
36Mcbride
36%
2Altidore
36%
8Bocanegra
9%
7Reyna
9%
3Beasley
9%
13Wegerle
0%
8Moore
0%
4Preki
0%
2Cameron
0%

Score Distribution

Percentile by Number Answered

Percent of People with Each Score

Your Score History

You have not taken this quiz